<?xml version="1.0" encoding="UTF-8"?><?xml-stylesheet type="text/xsl" href="static/style.xsl"?><OAI-PMH xmlns="http://www.openarchives.org/OAI/2.0/" xmlns:xsi="http://www.w3.org/2001/XMLSchema-instance" xsi:schemaLocation="http://www.openarchives.org/OAI/2.0/ http://www.openarchives.org/OAI/2.0/OAI-PMH.xsd"><responseDate>2026-04-13T05:42:10Z</responseDate><request verb="GetRecord" identifier="oai:www.recercat.cat:2099.1/10668" metadataPrefix="marc">https://recercat.cat/oai/request</request><GetRecord><record><header><identifier>oai:recercat.cat:2099.1/10668</identifier><datestamp>2025-07-24T18:05:47Z</datestamp><setSpec>com_2072_1033</setSpec><setSpec>col_2072_452951</setSpec></header><metadata><record xmlns="http://www.loc.gov/MARC21/slim" xmlns:dcterms="http://purl.org/dc/terms/" xmlns:xsi="http://www.w3.org/2001/XMLSchema-instance" xmlns:doc="http://www.lyncode.com/xoai" xsi:schemaLocation="http://www.loc.gov/MARC21/slim http://www.loc.gov/standards/marcxml/schema/MARC21slim.xsd">
   <leader>00925njm 22002777a 4500</leader>
   <datafield ind2=" " ind1=" " tag="042">
      <subfield code="a">dc</subfield>
   </datafield>
   <datafield ind2=" " ind1=" " tag="720">
      <subfield code="a">Gutiérrez Bernal, Carlos</subfield>
      <subfield code="e">author</subfield>
   </datafield>
   <datafield ind2=" " ind1=" " tag="260">
      <subfield code="c">2010-11</subfield>
   </datafield>
   <datafield ind2=" " ind1=" " tag="520">
      <subfield code="a">El siguiente proyecto trata sobre los procesos de internacionalización de las empresas&#xd;
tecnológicas. El proyecto parte de una situación de crisis económica en nuestro país y&#xd;
de la búsqueda de un nuevo modelo productivo para volver a ser una economía&#xd;
competitiva.&#xd;
La situación económica actual obliga a España a buscar nuevos modelos productivos&#xd;
para volver a la senda del crecimiento económico. La crisis del ladrillo y con ello la&#xd;
caída de una parte de nuestro sistema productivo nos obliga a buscar nuevas&#xd;
alternativas. Esta situación provoca que la innovación sumada a una nueva perspectiva&#xd;
global del mundo empresarial se convierta en pilares de la recuperación económica. Es&#xd;
aquí donde cobran una importancia capital las empresas tecnológicas ya que éstas&#xd;
pueden dotar al sistema económico de la capacidad de innovación y diferenciación&#xd;
necesaria para el crecimiento de la industria y servicios españoles. La naturaleza de&#xd;
estas empresas y su proceso de internacionalización se desarrollarán en las siguientes&#xd;
páginas.&#xd;
El proyecto se centrará en los procesos que siguen las empresas tecnológicas para salir&#xd;
al exterior y los elementos comunes a ellas. El estudio consta de tres partes&#xd;
diferenciadas; la primera consta de dos subapartados: una primera explicación teórica en&#xd;
la que se define el concepto de empresa tecnológica y sus características (también se&#xd;
hace un pequeño inciso sobre la situación de éstas en España), y un segundo&#xd;
subapartado que consta de una explicación teórica sobre la globalización haciendo&#xd;
especial hincapié en las diferentes estrategias de internacionalización de las empresas.&#xd;
La segunda parte es un caso práctico en el que se estudian dos empresas tecnológicas&#xd;
que han iniciado un proceso de internacionalización, este apartado consta de una&#xd;
entrevista donde se estudian las diferentes estrategias que han seguido para llevar a cabo&#xd;
su proceso de internacionalización. La tercera y ultima es una reflexión sobre los&#xd;
elementos comunes y diferentes en los procesos de internacionalización de las empresas&#xd;
estudiadas para así obtener datos sobre los parámetros rigen los procesos de&#xd;
internacionalización de estas empresas.</subfield>
   </datafield>
   <datafield tag="653" ind2=" " ind1=" ">
      <subfield code="a">Àrees temàtiques de la UPC::Economia i organització d'empreses::Macroeconomia::Comerç internacional</subfield>
   </datafield>
   <datafield tag="653" ind2=" " ind1=" ">
      <subfield code="a">Business planning</subfield>
   </datafield>
   <datafield tag="653" ind2=" " ind1=" ">
      <subfield code="a">International trade</subfield>
   </datafield>
   <datafield tag="653" ind2=" " ind1=" ">
      <subfield code="a">High technology industries</subfield>
   </datafield>
   <datafield tag="653" ind2=" " ind1=" ">
      <subfield code="a">Empreses -- Planificació</subfield>
   </datafield>
   <datafield tag="653" ind2=" " ind1=" ">
      <subfield code="a">Comerç internacional</subfield>
   </datafield>
   <datafield tag="653" ind2=" " ind1=" ">
      <subfield code="a">Indústries d'alta tecnologia</subfield>
   </datafield>
   <datafield ind2="0" ind1="0" tag="245">
      <subfield code="a">Estudio comparativo de internacionalización de las empresas tecnológicas</subfield>
   </datafield>
</record></metadata></record></GetRecord></OAI-PMH>